Normal view
MARC view
- Mission Caribbean
Entry Uniform Title
001 - CONTROL NUMBER
- control field: 1582
003 - CONTROL NUMBER IDENTIFIER
- control field: NUST
005 - DATE AND TIME OF LATEST TRANSACTION
- control field: 20170530120216.0
008 - FIXED-LENGTH DATA ELEMENTS
- fixed length control field: 170530|| aca||aabn | a|a d
040 ## - CATALOGING SOURCE
- Original cataloging agency: NUST
- Transcribing agency: NUST
130 ## - HEADING--UNIFORM TITLE
- Uniform title: Mission Caribbean
670 ## - SOURCE DATA FOUND
- Source citation: Work cat.: (NUST)16388: Syed Khalid Mahmood 1581, Mission Caribbean, 2007
